[Event "Katernberg 4- Brackel 4"]
[Site "?"]
[Date "2024.01.28"]
[Round "5.4"]
[White "Schmitz, Edgar"]
[Black "Stych, Paul"]
[Result "0-1"]
[WhiteElo "1877"]
[BlackElo "1643"]
[PlyCount "84"]
[SourceDate "2024.01.23"]

1. e4 c5 2. Nf3 e6 3. d4 cxd4 4. Nxd4 Nc6 5. Nxc6 bxc6 6. c4 Nf6 7. Nc3 Bb4 8.
Bd3 e5 9. O-O O-O 10. Bg5 Bxc3 11. bxc3 h6 12. Bh4 d6 13. Qe2 g5 14. Bg3 c5 15.
Rfd1 Bg4 16. f3 Be6 17. Bc2 Qc7 18. h4 g4 19. Kh2 gxf3 20. gxf3 Kh7 21. Rg1 Rg8
22. Bf2 Nh5 23. Be3 Qe7 24. Qf2 Ng3 25. Bg5 hxg5 26. Rxg3 gxh4 27. Rxg8 Rxg8
28. Rg1 Rxg1 29. Qxg1 Qf6 30. Qe3 Qg6 31. Qf2 Qg5 32. f4 exf4 33. e5+ Kg7 34.
exd6 Qg3+ 35. Qxg3+ fxg3+ 36. Kg1 Bd7 37. Be4 f5 38. Bd5 Kf6 39. Kg2 f4 40. Kf3
h3 41. a3 Ke5 42. Ke2 Kxd6 0-1

[Event "Katernberg 4- Brackel 4"]
[Site "?"]
[Date "2024.01.28"]
[Round "5.5"]
[White "Pillat, Andreas"]
[Black "Berresheim, Nils"]
[Result "0-1"]
[WhiteElo "1644"]
[BlackElo "1848"]
[PlyCount "56"]
[SourceDate "2024.01.23"]

1. e4 c5 2. Nf3 d6 3. d4 cxd4 4. Nxd4 Nf6 5. Nc3 a6 6. Be2 e6 7. Be3 Qc7 8. Qd2
b5 9. a3 Bb7 10. f3 Nbd7 11. g4 Nb6 12. Rd1 d5 13. g5 Nfd7 14. exd5 Nxd5 15.
Nxd5 Bxd5 16. Kf2 Bd6 17. Bxb5 O-O 18. Bd3 Ne5 19. Be4 Bxe4 20. fxe4 Nc4 21.
Qc3 Nxe3 22. Qxe3 Bc5 23. e5 Rad8 24. c3 Rd5 25. Rhe1 Kh8 26. Qf4 f6 27. Kg2
fxe5 28. Qg3 Qb7 0-1

[Event "Katernberg 4- Brackel 4"]
[Site "?"]
[Date "2024.01.28"]
[Round "5.6"]
[White "Rasch, Lukas"]
[Black "Roemer, Uri"]
[Result "1/2-1/2"]
[WhiteElo "1824"]
[BlackElo "1573"]
[PlyCount "27"]
[SourceDate "2024.01.23"]

1. e4 e5 2. Nc3 Nf6 3. f4 d5 4. fxe5 Nxe4 5. d3 Nxc3 6. bxc3 c5 7. Nf3 Be7 8.
d4 c4 9. Be2 Qa5 10. Bd2 Ba3 11. Rb1 Be7 12. Ra1 Ba3 13. Rb1 Be7 14. Ra1
1/2-1/2

[Event "Katernberg 4- Brackel 4"]
[Site "?"]
[Date "2024.01.28"]
[Round "5.7"]
[White "Schroeder, Thomas"]
[Black "Beetz, Ole"]
[Result "0-1"]
[WhiteElo "1551"]
[BlackElo "1676"]
[PlyCount "36"]
[SourceDate "2024.01.23"]

1. f4 d5 2. Nf3 Nf6 3. e3 Bg4 4. h3 Bxf3 5. Qxf3 e6 6. b3 Ne4 7. g3 Be7 8. Bb2
Nxg3 9. Rg1 Nf5 10. Bd3 Bh4+ 11. Ke2 Bf6 12. c3 Nh4 13. Qg3 Nc6 14. e4 e5 15.
f5 Qd7 16. exd5 Qxd5 17. c4 Qd7 18. Rf1 O-O-O 0-1

[Event "Werden 2- Recklinghausen"]
[Site "?"]
[Date "2024.01.28"]
[Round "5.1"]
[White "Blayvas, Jan"]
[Black "Eggebrecht, Stefan"]
[Result "1-0"]
[WhiteElo "2107"]
[BlackElo "1749"]
[PlyCount "69"]
[SourceDate "2024.01.23"]

1. d4 d5 2. c4 e6 3. Nc3 Nf6 4. Bg5 Be7 5. Nf3 h6 6. Bh4 O-O 7. e3 b6 8. Rc1
Nbd7 9. cxd5 exd5 10. Bd3 c5 11. O-O c4 12. Bb1 Re8 13. Qc2 Nf8 14. Ne5 Bb7 15.
Rfd1 Rc8 16. f3 N6d7 17. Bg3 f6 18. Ng6 Nxg6 19. Qxg6 Nf8 20. Qg4 Bd6 21. Bf5
Ra8 22. Bf2 Bb4 23. Ne2 Bc8 24. Nf4 g5 25. Nh5 Ne6 26. e4 Ng7 27. Nxg7 Kxg7 28.
Qh5 Bxf5 29. exf5 Re2 30. Qg6+ Kh8 31. Qxh6+ Kg8 32. Qg6+ Kh8 33. h4 Rxb2 34.
hxg5 fxg5 35. Bg3 1-0

[Event "Werden 2- Recklinghausen"]
[Site "?"]
[Date "2024.01.28"]
[Round "5.2"]
[White "Rother, Josef"]
[Black "Callenberg, Ralf"]
[Result "1/2-1/2"]
[WhiteElo "1636"]
[BlackElo "2008"]
[PlyCount "35"]
[SourceDate "2024.01.23"]

1. d4 Nf6 2. Bg5 d5 3. Bxf6 exf6 4. e3 Bb4+ 5. c3 Bd6 6. Bd3 Nc6 7. Ne2 Ne7 8.
Nd2 Be6 9. Nf4 Bxf4 10. exf4 Qd6 11. Qf3 g6 12. g4 f5 13. g5 O-O-O 14. O-O-O h6
15. h4 hxg5 16. hxg5 Kb8 17. Qe3 b6 18. Qe5 1/2-1/2

[Event "Werden 2- Recklinghausen"]
[Site "?"]
[Date "2024.01.28"]
[Round "5.3"]
[White "Mecklenburg, Roland"]
[Black "Lange, Ralf"]
[Result "1/2-1/2"]
[WhiteElo "1930"]
[BlackElo "1635"]
[PlyCount "44"]
[SourceDate "2024.01.23"]

1. d4 Nf6 2. c4 g6 3. Nc3 Bg7 4. e4 d6 5. f3 Nfd7 6. Be3 e5 7. Nge2 Bh6 8. Qd2
Bxe3 9. Qxe3 a5 10. Qh6 Nf6 11. O-O-O Qe7 12. g4 Be6 13. Nd5 Bxd5 14. cxd5 Nbd7
15. Qd2 Nb6 16. Nc3 O-O 17. h4 Nfd7 18. Be2 exd4 19. Qxd4 Qf6 20. Qxf6 Nxf6 21.
Kb1 Rfc8 22. Rh2 Nbd7 1/2-1/2

[Event "Werden 2- Recklinghausen"]
[Site "?"]
[Date "2024.01.28"]
[Round "5.4"]
[White "Kowalzick, Uwe"]
[Black "Parado, Dominador"]
[Result "1/2-1/2"]
[WhiteElo "1613"]
[BlackElo "1882"]
[PlyCount "110"]
[SourceDate "2024.01.23"]

1. d4 Nf6 2. c4 g6 3. Nc3 Bg7 4. e4 d6 5. Be2 O-O 6. Nf3 c5 7. d5 b5 8. cxb5 a6
9. bxa6 Qa5 10. O-O Bxa6 11. Bxa6 Nxa6 12. Bd2 Rfb8 13. a3 Nc7 14. Qc2 Qa6 15.
Rab1 h6 16. Rfe1 Nd7 17. h3 Rb6 18. Qc1 Kh7 19. g4 Rab8 20. Qc2 Rb3 21. Kg2 Qb7
22. Re3 Rxb2 23. Rxb2 Qxb2 24. Qxb2 Rxb2 25. Nd1 Rb1 26. Nc3 Ra1 27. Na4 Nb5
28. Rb3 Nd4 29. Nxd4 Bxd4 30. Be3 Ra2 31. Bxd4 cxd4 32. Rd3 Nc5 33. Rxd4 Rxa3
34. Nxc5 dxc5 35. Rc4 Ra5 36. Kg3 g5 37. f3 Kg6 38. e5 f5 39. Rc2 f4+ 40. Kf2
Kf7 41. Ke2 c4 42. Rd2 c3 43. Rd3 e6 44. dxe6+ Kxe6 45. Rxc3 Rxe5+ 46. Kf2 Kd5
47. Rd3+ Ke6 48. Ra3 Rb5 49. Ra6+ Kd5 50. Rxh6 Rb2+ 51. Kf1 Kd4 52. Re6 Rh2 53.
Kg1 Rxh3 54. Kg2 Rg3+ 55. Kf2 Rh3 1/2-1/2

[Event "Werden 2- Recklinghausen"]
[Site "?"]
[Date "2024.01.28"]
[Round "5.5"]
[White "Balke, Heinrich"]
[Black "Kanno, Clara"]
[Result "1-0"]
[WhiteElo "1828"]
[BlackElo "1639"]
[PlyCount "91"]
[SourceDate "2024.01.23"]

1. e4 e6 2. d4 d5 3. Nd2 Nf6 4. e5 Nfd7 5. Bd3 c5 6. c3 Nc6 7. Ne2 Be7 8. O-O
b6 9. f4 O-O 10. f5 cxd4 11. cxd4 Nb4 12. Bb1 Ba6 13. Nf3 Rc8 14. Rf2 Bxe2 15.
Rxe2 Qc7 16. Be3 b5 17. a3 Nc6 18. fxe6 fxe6 19. Qd3 g6 20. Qxb5 Rb8 21. Qd3
Na5 22. Ba2 Nb6 23. Rc1 Qd7 24. Bh6 Rfc8 25. Rxc8+ Qxc8 26. Rc2 Qb7 27. Nd2 Rc8
28. b4 Rxc2 29. Qxc2 Nc6 30. Nf3 Nd7 31. Qd3 Qb6 32. Be3 a6 33. Kf1 Na7 34. Ke2
Nb5 35. Bb1 Nb8 36. h4 a5 37. a4 Nc7 38. b5 Nd7 39. h5 Nf8 40. Bh6 Qb8 41. Bxf8
Qxf8 42. hxg6 hxg6 43. Qxg6+ Qg7 44. Qxg7+ Kxg7 45. Ke3 Kh6 46. Kf4 1-0

[Event "Werden 2- Recklinghausen"]
[Site "?"]
[Date "2024.01.28"]
[Round "5.6"]
[White "Claussen, Alexander"]
[Black "Stahlhofen, Thomas"]
[Result "1/2-1/2"]
[WhiteElo "1476"]
[BlackElo "1803"]
[PlyCount "85"]
[SourceDate "2024.01.23"]

1. b3 e5 2. e3 d6 3. Bb2 Nc6 4. Bb5 Bd7 5. Ne2 Nf6 6. O-O Be7 7. Bxc6 Bxc6 8.
f4 Nd7 9. fxe5 Nxe5 10. Nd4 Bd7 11. Nf3 Bf6 12. Nxe5 Bxe5 13. Bxe5 dxe5 14. Qf3
O-O 15. Qxb7 c6 16. Nc3 Qe7 17. Rf3 a5 18. Raf1 Rfb8 19. Qc7 Rc8 20. Qb7 f6 21.
Ne4 Kh8 22. Nxf6 gxf6 23. Rxf6 Rcb8 24. Rf7 Qxf7 25. Qxb8+ Rxb8 26. Rxf7 Rd8
27. Re7 Bg4 28. d3 Bd1 29. Rxe5 Bxc2 30. d4 a4 31. b4 Rf8 32. Ra5 Bd3 33. g3
Rf1+ 34. Kg2 Re1 35. Kf3 Bb5 36. d5 Kg7 37. e4 Rd1 38. Kf4 Kf7 39. Ke5 Ke7 40.
Ra7+ Kd8 41. d6 h5 42. Ra8+ Kd7 43. Ra7+ 1/2-1/2

[Event "Werden 2- Recklinghausen"]
[Site "?"]
[Date "2024.01.28"]
[Round "5.7"]
[White "Hillebrand, Elmar"]
[Black "Reuß, Till"]
[Result "0-1"]
[WhiteElo "1780"]
[BlackElo "1433"]
[PlyCount "49"]
[SourceDate "2024.01.23"]

1. e4 e5 2. Nf3 Nc6 3. Bc4 Bc5 4. d4 exd4 5. Ng5 Ne5 6. Nxf7 Nxf7 7. Bxf7+ Kf8
8. Bxg8 Kxg8 9. Qd3 d6 10. O-O Be6 11. Nd2 Qf6 12. f4 h6 13. f5 Bf7 14. Nf3 Kh7
15. g4 g5 16. fxg6+ Qxg6 17. g5 Rhf8 18. Nh4 Qh5 19. Nf5 hxg5 20. Rf3 g4 21.
Rg3 Bg6 22. Nh6 Rae8 23. Rxg4 d5 24. Qb5 dxe4 25. Qxc5 0-1

[Event "Werden 2- Recklinghausen"]
[Site "?"]
[Date "2024.01.28"]
[Round "5.8"]
[White "Kludszuweit, Kim"]
[Black "Feldhaus, Tom"]
[Result "1/2-1/2"]
[WhiteElo "1510"]
[BlackElo "1738"]
[PlyCount "155"]
[SourceDate "2024.01.23"]

1. e4 d6 2. d4 Nf6 3. Nc3 c6 4. Nf3 Bg4 5. Be2 e6 6. O-O Be7 7. Ng5 Bxe2 8.
Qxe2 h6 9. Nh3 d5 10. e5 Nfd7 11. Qg4 g5 12. Qh5 c5 13. Nb5 cxd4 14. Nd6+ Bxd6
15. exd6 Nf6 16. Qd1 Nc6 17. c3 Qxd6 18. cxd4 Qb4 19. Be3 O-O-O 20. Rb1 Kb8 21.
a3 Qe7 22. b4 Ne4 23. Qd3 Rc8 24. f3 Nd6 25. b5 Na5 26. Bd2 Nac4 27. Bb4 Qf6
28. a4 Nf5 29. Bc3 Nfd6 30. Nf2 Qf5 31. Qxf5 Nxf5 32. Nd1 Nfe3 33. Nxe3 Nxe3
34. Rfc1 Rc4 35. Bd2 Nc2 36. a5 Rhc8 37. b6 a6 38. Rd1 Nxd4 39. Kf2 Nf5 40. g4
Nd4 41. f4 f6 42. h3 Nc6 43. fxg5 fxg5 44. Re1 Rf8+ 45. Kg3 e5 46. Rbd1 e4 47.
h4 Rf3+ 48. Kg2 gxh4 49. Bxh6 Rg3+ 50. Kh1 Rxg4 51. Rxd5 Rd4 52. Rf5 Kc8 53.
Rf8+ Rd8 54. Rf5 Re8 55. Kh2 Ne5 56. Kh3 Rg6 57. Rxe4 Rxh6 58. Rfxe5 Rxe5 59.
Rxe5 Kd7 60. Rg5 Kc6 61. Rf5 Rd6 62. Kxh4 Rd5 63. Rf6+ Kb5 64. Rf7 Kxa5 65.
Rxb7 Kb5 66. Kg4 a5 67. Kf3 Kb4 68. Ra7 Rb5 69. b7 a4 70. Ke3 Kb3 71. Kd2 a3
72. Kc1 a2 73. b8=Q Rxb8 74. Ra6 Rb4 75. Ra7 Ra4 76. Rxa4 Kxa4 77. Kb2 a1=Q+
78. Kxa1 1/2-1/2